Normal view MARC view
  • Pakistan WAPDA Lahore

Entry Personal Name

Number of records used in: 1

001 - CONTROL NUMBER

  • control field: 40336

003 - CONTROL NUMBER IDENTIFIER

  • control field: NUST

005 - DATE AND TIME OF LATEST TRANSACTION

  • control field: 20210314131738.0

008 - FIXED-LENGTH DATA ELEMENTS

  • fixed length control field: 210314|| aca||aabn | a|a d

040 ## - CATALOGING SOURCE

  • Original cataloging agency: NUST
  • Transcribing agency: NUST

100 ## - HEADING--PERSONAL NAME

  • Personal name: Pakistan WAPDA Lahore

670 ## - SOURCE DATA FOUND

  • Source citation: Work cat.: (NUST): Pakistan WAPDA Lahore, 1973 Annual report of River and climatological data of Pakistan, 1982
© 2023 Central Library, National University of Sciences and Technology. All Rights Reserved.